00329nam a2200133Ia 4500008004100000020001800041041000800059082001500067100002100082245001600103260004600119300000800165650002200173231004s9999 xx 000 0 und d a9789386365033 aeng a613.7bAVI aDR.AVINASH KUMAR aSKILL INDIA aNEW DELHIbSHRI SAI PRINTO GRAPHERSc2021 a248 aGENERAL KNOWLEDGE